Auditing theory : A guide in Understanding the Philippines Standards on Auditing. (Record no. 1739)

MARC details
000 -LEADER
fixed length control field 00406 a2200133 4500
020 ## - INTERNATIONAL STANDARD BOOK NUMBER
International Standard Book Number 978-621-416-044-0
100 ## - MAIN ENTRY--PERSONAL NAME
Personal name Salosagcol, Jekell G.
110 ## - MAIN ENTRY--CORPORATE NAME
Corporate name or jurisdiction name as entry element Salosagcol, Jekell G.
245 ## - TITLE STATEMENT
Title Auditing theory : A guide in Understanding the Philippines Standards on Auditing.
250 ## - EDITION STATEMENT
Edition statement 2018 edition
260 ## - PUBLICATION, DISTRIBUTION, ETC.
Name of publisher, distributor, etc. GIC Enterprises & Co.
Date of publication, distribution, etc. 2018
264 ## - PRODUCTION, PUBLICATION, DISTRIBUTION, MANUFACTURE, AND COPYRIGHT NOTICE
Name of producer, publisher, distributor, manufacturer GIC Enterprises & Co.
Date of production, publication, distribution, manufacture, or copyright notice 2018
942 ## - ADDED ENTRY ELEMENTS (KOHA)
Koha item type Book-Filipiniana
Suppress in OPAC No

No items available.